000 00408nam a22000977a 4500
008 150616b xxu||||| |||| 00| 0 eng d
010 _8HCCRSF:001
245 _aHIGH COURT CRIMINAL SESSION No. B.250 of 1964 Uganda Vs 1. Giladesi Mary Namayanja 2. John Mayinja
260 _aHigh Court Kampala
500 _3(Original Criminal Case No. 380 of 1964 District Court of Masaka at Masaka Before: M.R.Thakerar, Esq., R.M)
999 _c6248
_d6248